Inspiring thoughts majatma to everyone-forever / (Record no. 147299)

MARC details
000 -LEADER
fixed length control field 00714nam a22002177a 4500
005 - DATE AND TIME OF LATEST TRANSACTION
control field 20171113104327.0
010 ## - LCCN (DPL NO)
LC control number ENG-121307
020 ## - INTERNATIONAL STANDARD BOOK NUMBER
International Standard Book Number 9788192278315
Terms of availability 150.00
035 ## - SYSTEM CONTROL NUMBER
System control number EN-104839
037 ## - SOURCE OF ACQUISITION
Source of stock number/acquisition DBAD/PUB
082 ## - DEWEY DECIMAL CLASSIFICATION NUMBER
Classification number 921
100 ## - MAIN ENTRY--PERSONAL NAME
Personal name Rao, Majji Sashibhushana
245 ## - TITLE STATEMENT
Title Inspiring thoughts majatma to everyone-forever /
Statement of responsibility, etc by Majji Sashibhushana Rao & Alajangi Uday Kumar
260 ## - PUBLICATION, DISTRIBUTION, ETC. (IMPRINT)
Place of publication, distribution, etc New Delhi
Name of publisher, distributor, etc Paramount Publishing House
Date of publication, distribution, etc 2012
270 ## - ADDRESS
Address C/o. M2W Media, 423/1, Ansari Road, Daryaganj,
City New Delhi
Postal code 110002
300 ## - PHYSICAL DESCRIPTION
Extent 159p. :
Dimensions 20cm(Pbk)
Other physical details ill.
650 ## - SUBJECT ADDED ENTRY--TOPICAL TERM
Geographic subdivision
700 ## - ADDED ENTRY--PERSONAL NAME
Personal name Majji Sashibhushana Rao
700 ## - ADDED ENTRY--PERSONAL NAME
Personal name Alajangi Uday Kumar
942 ## - ADDED ENTRY ELEMENTS (KOHA)
Source of classification or shelving scheme Dewey Decimal Classification
Item type English Books
Call number suffix RAO
Classification part 921
Holdings
Withdrawn status Lost status Not for loan Collection code Home library Current library Date acquired Source of acquisition Cost, normal purchase price Full call number Barcode Copy number Cost, replacement price Koha item type
    Not For Loan Non-fiction D.B.Act.Division Bawana 11/11/2017 DBAD/PUB 150.00 921 RAO EN-104839 1 150.00 English Books

© Delhi Public Library
Hit Counter
free hit counter